Rekordspieler des VfL Wolfsburg - Statistiken

Allgemein
  • Dieses Quiz wurde 181 mal gespielt
    122 seit der letzten Aktualisierung
  • Das Durchschnittsergebnis liegt bei 11 aus 38
Antwortstatistiken
Spiele Nation Name % Korrekt
312 Deutschland Maximilian Arnold
93%
259 Schweiz/Italien Diego Benaglio
81%
208 Belgien Koen Casteels
81%
111 Bosnien-Herzegowina Edin Dzeko
79%
107 Brasilien Grafite
73%
256 Deutschland Marcel Schäfer
61%
149 Schweiz/Chile Ricardo Rodríguez
55%
135 Japan Makoto Hasebe
52%
118 Niederlande Wout Weghorst
49%
202 Frankreich/Guinea Josuha Guilavogui
46%
172 Deutschland Yannick Gerhardt
41%
132 Iran/Deutschland Ashkan Dejagah
40%
125 Brasilien/Deutschland Naldo
40%
183 Deutschland Robin Knoche
37%
164 Brasilien Josué
34%
149 Argentinien/Spanien Diego Klimowicz
32%
116 Bulgarien Martin Petrov
23%
124 Deutschland Christian Träsch
22%
109 Brasilien/Deutschland Luiz Gustavo
21%
125 Portugal Vieirinha
19%
139 Ghana Hans Sarpei
18%
166 Deutschland Alexander Madlung
17%
117 Guinea/Deutschland Pablo Thiam
17%
116 Deutschland Sascha Riether
17%
115 Schweiz Renato Steffen
16%
173 Slowakei Miroslav Karhan
13%
107 Frankreich Jerome Roussillon
11%
101 Rumänien Dorinel Munteanu
10%
142 Deutschland/England Simon Jentzsch
10%
108 Polen Andrzej Juskowiak
9%
163 Deutschland Claus Reitmaier
9%
146 Deutschland Stefan Schnoor
8%
121 Ghana/Deutschland Charles Akonnor
3%
159 Deutschland Patrick Weiser
3%
126 Polen Waldemar Kryger
2%
127 Deutschland Frank Greiner
1%
102 Argentinien/Italien Juan Carlos Menseguez
1%
117 Kroatien Marino Biliskov
1%
Keine übereinstimmenden Quizze gefunden
Verteilung der Resultate
Anzahl Personen mit jedem Resultat
Perzentil nach korrekt beantworteten Fragen
Ihre Resultats-Entwicklung
Sie haben dieses Quiz seit der letzten Aktualisierung nicht gespielt